[Event "Belgium vs. Germany SK Eupen jubilee match"]
[Site "Eupen"]
[Date "1987.11.14"]
[Round "1"]
[White "Reeh, Oliver"]
[Black "Jadoul, Michel"]
[Result "1-0"]
[WhiteElo "2425"]
[BlackElo "2340"]
[BlackTitle "IM"]
[Board "1"]
[WhiteTeam "West-Germany"]
[BlackTeam "Belgium"]
[Source "SK Rochade Eupen Schachzeitung"]

1. e4 d5 2. exd5 Nf6 3. c4 c6 4. Nc3 cxd5 5. cxd5 Nxd5 6. d4 Nc6 7. Nf3 Bg4
8. Qb3 Bxf3 9. gxf3 e6 10. Qxb7 Nxd4 11. Bb5+ Nxb5 12. Qc6+ Ke7 13. Qxb5 Qd7
14. Nxd5+ Qxd5 15. Qxd5 exd5 16. Bf4 Rc8 17. O-O Rc4 18. Be3 d4 19. b3 Rb4
20. a3 Rxb3 21. Bxd4 Kd7 22. Rfd1 Ke6 23. Re1+ Kd5 24. Rad1 Kc4 25. Re4 f5
26. Rf4 Kb5 27. a4+ Ka6 28. Rxf5 Ba3 29. Re1 Rf8 30. Re6+ Kb7 31. Ra5 Rbxf3
32. Rxa7+ Kb8 33. Rxg7 R8f7 34. Rxf7 Rxf7 35. a5 Rd7 36. Be3 Ka8 37. Re8+ Kb7
38. a6+ 1-0

[Event "Belgium vs. Germany SK Eupen jubilee match"]
[Site "Eupen"]
[Date "1987.11.14"]
[Round "1"]
[White "Rooze, Jan"]
[Black "Borngässer, René"]
[Result "1/2-1/2"]
[WhiteElo "2350"]
[WhiteTitle "FM"]
[BlackElo "2410"]
[BlackTitle "FM"]
[Board "2"]
[WhiteTeam "Belgium"]
[BlackTeam "West-Germany"]
[Source "SK Rochade Eupen Schachzeitung"]

1. e4 e6 2. d4 d5 3. Nd2 Nf6 4. e5 Nfd7 5. Bd3 c5 6. c3 Nc6 7. Ne2 cxd4 8. cxd4
f6 9. exf6 Nxf6 10. O-O Bd6 11. f4 O-O 12. Nf3 Bd7 13. a3 Qb6 14. Kh1 Na5 15. b4
Nc4 16. Ne5 Rac8 17. Nxd7 Nxd7 18. f5 e5 19. dxe5 Bxe5 20. Ra2 Ne3 21. Bxe3 Qxe3
22. Ng1 Qh6 23. Nf3 Bf6 24. Re2 Rc3 25. Bc4 dxc4 26. Qxd7 Qh5 27. Qxb7 Qxf5
28. Qxa7 Qd3 29. Rfe1 Rxa3 30. Qc5 c3 31. Re3 Qd7 32. b5 Raa8 33. Ne5 Bxe5
34. Qxe5 c2 35. Qb2 Rac8 36. h3 c1=Q 37. Rxc1 Rxc1+ 38. Qxc1 Qxb5 1/2-1/2

[Event "Belgium vs. Germany SK Eupen jubilee match"]
[Site "Eupen"]
[Date "1987.11.14"]
[Round "1"]
[White "Schneider, Bernd"]
[Black "Defize, Alain"]
[Result "1/2-1/2"]
[WhiteElo "2380"]
[WhiteTitle "IM"]
[BlackElo "2310"]
[BlackTitle "FM"]
[Board "3"]
[WhiteTeam "West-Germany"]
[BlackTeam "Belgium"]
[Source "SK Rochade Eupen Schachzeitung"]

1. c4 Nf6 2. Nc3 d6 3. g3 c5 4. Bg2 Nc6 5. Nf3 g6 6. d4 cxd4 7. Nxd4 Nxd4
8. Qxd4 Bg7 9. O-O O-O 10. Qd2 Rb8 11. b3 a6 12. Bb2 b5 13. Nd5 Nxd5 14. Bxg7
Kxg7 15. cxd5 b4 16. Rfc1 Bd7 17. Rc4 Qb6 18. Rh4 h5 19. Bf3 Rh8 20. Rc1 a5
21. Rcc4 f6 22. Rhe4 Kf7 23. Rc1 Rbc8 24. Rxc8 Bxc8 25. Rc4 Bd7 26. Be4 Bb5
27. Rc1 h4 28. Bb1 hxg3 29. hxg3 Bd7 30. Rc4 Qd8 31. Qe3 Qf8 32. Rc7 Qd8 33. Qa7
Bb5 34. Kf1 Rh1+ 35. Kg2 Rxb1 36. Rb7 Be8 37. Qe3 Bd7 38. Qh6 Be8 39. Qh7+ Kf8
40. Qh8+ Kf7 1/2-1/2

[Event "Belgium vs. Germany SK Eupen jubilee match"]
[Site "Eupen"]
[Date "1987.11.14"]
[Round "1"]
[White "Goormachtigh, Johan"]
[Black "Heinbuch, Detlef Ulrich"]
[Result "1/2-1/2"]
[WhiteElo "2340"]
[WhiteTitle "FM"]
[BlackElo "2380"]
[BlackTitle "IM"]
[Board "4"]
[WhiteTeam "Belgium"]
[BlackTeam "West-Germany"]
[Source "SK Rochade Eupen Schachzeitung"]

1. d4 d5 2. c4 dxc4 3. Nf3 Nf6 4. Nc3 a6 5. e4 b5 6. e5 Nd5 7. a4 Nxc3 8. bxc3
Bb7 9. e6 f6 10. Be3 Qd5 11. Nd2 Qxe6 12. axb5 axb5 13. Rxa8 Bxa8 14. Qh5+ g6
15. Qxb5+ Nd7 16. Bxc4 Qc6 17. Qxc6 Bxc6 18. d5 Bb7 19. O-O Kd8 20. Rb1 Kc8
21. f4 Bh6 22. Ba2 Rd8 23. c4 f5 24. Nb3 Bg7 25. Na5 Ba8 26. c5 c6 27. Nxc6 Bxc6
28. dxc6 Nb8 29. Be6+ Kc7 30. Rb7+ Kxc6 31. Rxe7 Bf8 32. Rf7 h5 33. Rf6 Bxc5
34. Bxc5 Kxc5 35. Rxg6 Kd4 36. Bxf5 Ke3 37. h4 Kxf4 38. Rg5 Nc6 39. Kh2 Ne5
40. Rxh5 Ng4+ 41. Bxg4 Kxg4 42. Rh7 Rd5 43. Rh8 Ra5 44. h5 Ra7 45. h6 Kg5
46. Kh3 Ra3+ 47. g3 Ra7 48. Kg2 Rf7 49. Kh3 Ra7 50. g4 Rb7 1/2-1/2

[Event "Belgium vs. Germany SK Eupen jubilee match"]
[Site "Eupen"]
[Date "1987.11.14"]
[Round "1"]
[White "Stein, Bernd Bruno"]
[Black "Van Herck, Marcel"]
[Result "1-0"]
[WhiteElo "2360"]
[WhiteTitle "IM"]
[BlackElo "2260"]
[Board "5"]
[WhiteTeam "West-Germany"]
[BlackTeam "Belgium"]
[Source "SK Rochade Eupen Schachzeitung"]

1. b3 e5 2. Bb2 Nc6 3. c4 Nf6 4. e3 g6 5. Nf3 d6 6. Be2 Bg7 7. O-O O-O 8. a3 e4
9. Ne1 Re8 10. Qc2 Bf5 11. Nc3 Ne5 12. Rd1 c6 13. d3 exd3 14. Nxd3 Qe7 15. Qc1
Rad8 16. Nb4 a5 17. Nc2 d5 18. cxd5 cxd5 19. Nd4 Bg4 20. Bxg4 Nexg4 21. h3 Ne5
22. Ndb5 Qc5 23. a4 Rd7 24. Ba3 Qb6 25. Ne2 Ne4 26. Nf4 Red8 27. Qb1 Nc6
28. Nxd5 Rxd5 29. Rxd5 Rxd5 30. Qxe4 Qd8 31. Qc4 Rd2 32. Bc1 Ne5 33. Qe4 Qd5
34. Qxd5 Rxd5 35. Ba3 Rd3 36. Rc1 h5 37. Rc8+ Kh7 38. Nd4 Nc6 39. Nxc6 bxc6
40. Rxc6 Rxb3 41. Bd6 Bc3 42. Rc7 Kg8 43. g4 hxg4 44. hxg4 Bf6 45. Rc5 Rd3
46. Bc7 Rc3 47. Rxc3 Bxc3 48. Kf1 f5 49. gxf5 gxf5 50. Ke2 Kf7 51. Kd3 Be1
52. f3 Ke6 53. Kc4 Kd7 54. Be5 Kc6 55. Bc3 Bf2 56. Bd2 Bg1 57. Kd3 Kb6 58. Be1
1-0

[Event "Belgium vs. Germany SK Eupen jubilee match"]
[Site "Eupen"]
[Date "1987.11.14"]
[Round "1"]
[White "Luminet, Denis"]
[Black "Thesing, Matthias"]
[Result "0-1"]
[WhiteElo "2255"]
[BlackElo "2355"]
[BlackTitle "FM"]
[Board "6"]
[WhiteTeam "Belgium"]
[BlackTeam "West-Germany"]
[Source "SK Rochade Eupen Schachzeitung"]

1. e4 c5 2. Nc3 a6 3. g3 b5 4. Bg2 Bb7 5. d3 e6 6. f4 Nf6 7. Nf3 d5 8. e5 Nfd7
9. O-O g6 10. d4 Nc6 11. Ne2 b4 12. Be3 Be7 13. g4 h5 14. h3 hxg4 15. hxg4 Qb6
16. c3 a5 17. Qd2 O-O-O 18. dxc5 Nxc5 19. cxb4 Qxb4 20. Qxb4 axb4 21. Ned4 Kd7
22. Nxc6 Bxc6 23. Nd4 Bb7 24. a3 Ra8 25. axb4 Nd3 26. b5 Nxb2 27. Rxa8 Rxa8
28. Rc1 Ra3 29. Nc2 Rc3 30. Bd4 Bc5 31. Rb1 Nd3 32. Bxc5 Rxc5 33. Nd4 Rc4
34. Nc6 Rxf4 35. Na5 Kc8 36. Kh1 Rxg4 37. b6 Nxe5 38. Bf1 Rh4+ 39. Kg1 Nc4
40. Bxc4 dxc4 0-1

[Event "Belgium vs. Germany SK Eupen jubilee match"]
[Site "Eupen"]
[Date "1987.11.14"]
[Round "1"]
[White "Backwinkel, Paul"]
[Black "Tonoli, Walter"]
[Result "1-0"]
[WhiteElo "2310"]
[WhiteTitle "FM"]
[BlackElo "2365"]
[Board "7"]
[WhiteTeam "West-Germany"]
[BlackTeam "Belgium"]
[Source "SK Rochade Eupen Schachzeitung"]

1. d4 Nf6 2. Nf3 g6 3. Bg5 c5 4. Bxf6 exf6 5. e3 Nc6 6. Nbd2 cxd4 7. exd4 d5
8. c3 Bd6 9. Bd3 O-O 10. O-O Ne7 11. Re1 Bf5 12. Nf1 Qd7 13. Ne3 Bxd3 14. Qxd3
Bf4 15. Nd2 Bxe3 16. Qxe3 Rfe8 17. Nf1 Kg7 18. h3 h5 19. Ng3 Nf5 20. Nxf5+ Qxf5
21. Qd2 Qd7 22. b3 Rxe1+ 23. Rxe1 Re8 24. Rxe8 Qxe8 25. c4 Qc6 26. c5 Qb5 27. h4
a5 28. g3 a4 29. bxa4 Qxa4 30. Kg2 Qb5 31. a3 Qb1 32. Qe3 Qb2 33. Qd3 Qa1
34. Kf3 Qh1+ 35. Ke2 Qa1 36. Kd2 Qb2+ 37. Ke3 Qc1+ 38. Ke2 Qb2+ 39. Kf3 Qa1
40. Kg2 Qb2 41. a4 Qa1 42. a5 Qa4 43. Qc3 Qb5 44. Kf3 Qb1 45. Ke3 Qe4+ 46. Kd2
Qf5 47. f4 Qb1 48. Qa3 Qb5 49. a6 bxa6 50. Qc3 Qc6 51. Qa5 Kh7 52. Qb6 Qa4
53. c6 Qa2+ 54. Kc3 Qa3+ 55. Qb3 Qc1+ 56. Qc2 Qe3+ 57. Kb4 Qe1+ 58. Kb3 Qxg3+
59. Qc3 Qg1 60. c7 Qb1+ 61. Ka3 1-0

[Event "Belgium vs. Germany SK Eupen jubilee match"]
[Site "Eupen"]
[Date "1987.11.14"]
[Round "1"]
[White "Schumacher, Helmut"]
[Black "Lutz, Christopher"]
[Result "0-1"]
[WhiteElo "2245"]
[BlackElo "2295"]
[BlackTitle "FM"]
[Board "10"]
[WhiteTeam "Belgium"]
[BlackTeam "West-Germany"]
[Source "SK Rochade Eupen Schachzeitung"]

1. d4 e6 2. Nc3 d5 3. e4 Bb4 4. exd5 exd5 5. Bd3 Nc6 6. Nf3 Nge7 7. a3 Bxc3+
8. bxc3 Bf5 9. O-O O-O 10. Rb1 b6 11. Bf4 Bxd3 12. Qxd3 Ng6 13. Be3 Na5 14. Nd2
Qd6 15. a4 Qd7 16. Qb5 Qf5 17. Qd3 Qxd3 18. cxd3 Ne7 19. Rfe1 Rfe8 20. Bf4 Rac8
21. Kf1 f6 22. Re2 Ng6 23. Rxe8+ Rxe8 24. Be3 Nf8 25. c4 Rd8 26. Rc1 Ne6
27. cxd5 Rxd5 28. Nf3 Kf7 29. Ke2 Ke7 30. Rc3 Kd7 31. Kd2 Nc6 32. Rc4 a6 33. g3
b5 34. axb5 axb5 35. Rc2 Ncxd4 36. Nxd4 Nxd4 37. Bxd4 Rxd4 38. Ra2 Ra4 39. Rb2
c6 40. Kc3 Kd6 41. f4 Kc5 42. h3 b4+ 43. Kb3 Ra3+ 44. Kc2 Ra1 45. Kb3 Rd1
46. Kc2 Rg1 47. Rb3 Rg2+ 48. Kd1 Kb5 49. g4 Ka4 0-1

[Event "Belgium vs. Germany SK Eupen jubilee match"]
[Site "Eupen"]
[Date "1987.11.15"]
[Round "2"]
[White "Jadoul, Michel"]
[Black "Reeh, Oliver"]
[Result "1-0"]
[WhiteTitle "IM"]
[WhiteElo "2340"]
[BlackElo "2425"]
[Board "1"]
[WhiteTeam "Belgium"]
[BlackTeam "West-Germany"]
[Source "SK Rochade Eupen Schachzeitung"]

1. Nf3 Nf6 2. g3 g6 3. b4 Bg7 4. Bb2 O-O 5. d3 d6 6. Nbd2 e5 7. Bg2 Nh5 8. Rb1
f5 9. O-O g5 10. h3 g4 11. hxg4 fxg4 12. Nh4 Bf6 13. d4 Bxh4 14. gxh4 Nf4
15. dxe5 Qxh4 16. Ne4 Bf5 17. Ng3 Be6 18. exd6 Nc6 19. b5 Rad8 20. bxc6 Rxd6
21. Qe1 Rxc6 22. Qd2 Rc4 23. Qe3 Rxc2 24. Rfc1 Rxc1+ 25. Rxc1 c6 26. Rd1 Qh6
27. Rd6 Nxg2 28. Qxh6 1-0

[Event "Belgium vs. Germany SK Eupen jubilee match"]
[Site "Eupen"]
[Date "1987.11.15"]
[Round "2"]
[White "Borngässer, René"]
[Black "Rooze, Jan"]
[Result "0-1"]
[WhiteElo "2410"]
[WhiteTitle "FM"]
[BlackElo "2350"]
[BlackTitle "FM"]
[Board "2"]
[WhiteTeam "West-Germany"]
[BlackTeam "Belgium"]
[Source "SK Rochade Eupen Schachzeitung"]

1. e4 Nf6 2. e5 Nd5 3. Nc3 Nxc3 4. bxc3 d6 5. f4 g6 6. Nf3 Bg7 7. d4 O-O 8. Bd3
c5 9. O-O dxe5 10. dxe5 Bf5 11. Bxf5 Qxd1 12. Rxd1 gxf5 13. Be3 b6 14. Nh4 e6
15. Rd6 Rc8 16. Kf2 Nc6 17. Ke2 Ne7 18. c4 Nc6 19. Rad1 Na5 20. Kd3 Rc7 21. Kc3
Nc6 22. Nf3 Re8 23. Rd7 Rxd7 24. Rxd7 f6 25. Rc7 fxe5 26. fxe5 Bxe5+ 27. Nxe5
Nxe5 28. h3 Ng6 29. Rxa7 f4 30. Bf2 e5 31. Rb7 Re6 32. a4 e4 33. a5 e3 34. Be1
bxa5 35. Kd3 a4 36. Ke2 Re4 37. Bc3 f3+ 38. Kxf3 Rxc4 39. Be1 Rxc2 40. Ra7 Rc1
41. Bg3 Rc3 42. Be1 Ra3 43. Rc7 Ne5+ 44. Ke2 Nd3 45. Bh4 Nf4+ 46. Kf3 Ne6
47. Re7 Nd4+ 48. Kf4 Rb3 0-1

[Event "Belgium vs. Germany SK Eupen jubilee match"]
[Site "Eupen"]
[Date "1987.11.15"]
[Round "2"]
[White "Defize, Alain"]
[Black "Schneider, Bernd"]
[Result "1/2-1/2"]
[WhiteElo "2310"]
[BlackElo "2380"]
[BlackTitle "IM"]
[Board "3"]
[WhiteTeam "Belgium"]
[BlackTeam "West-Germany"]
[Source "SK Rochade Eupen Schachzeitung"]

1. c4 g6 2. Nc3 Bg7 3. g3 e5 4. Bg2 d6 5. d3 Nc6 6. e4 f5 7. Nge2 Nf6 8. O-O
O-O 9. Rb1 Be6 10. Nd5 Qd7 11. b4 fxe4 12. dxe4 Bh3 13. f3 Rf7 14. Be3 Raf8
15. Qd3 Bxg2 1/2-1/2

[Event "Belgium vs. Germany SK Eupen jubilee match"]
[Site "Eupen"]
[Date "1987.11.15"]
[Round "2"]
[White "Heinbuch, Detlef Ulrich"]
[Black "Goormachtigh, Johan"]
[Result "1-0"]
[WhiteElo "2380"]
[WhiteTitle "IM"]
[BlackElo "2340"]
[BlackTitle "FM"]
[Board "4"]
[WhiteTeam "West-Germany"]
[BlackTeam "Belgium"]
[Source "SK Rochade Eupen Schachzeitung"]

1. d4 Nf6 2. c4 g6 3. Nf3 Bg7 4. Nc3 d5 5. e3 O-O 6. b4 b6 7. Qb3 c5 8. bxc5
bxc5 9. cxd5 Na6 10. a3 Qa5 11. Bd2 Rb8 12. Qa2 Bb7 13. Bc4 cxd4 14. Nxd4 Qc5
15. O-O Nc7 16. Na4 Qd6 17. Bb4 Qe5 18. Nf3 Qh5 19. Bxe7 Ncxd5 20. Bxf8 Rxf8
21. Rfd1 Bc6 22. Qc2 Ng4 23. Bxd5 Bxd5 24. e4 Bxa1 25. exd5 Bf6 26. d6 Rd8
27. h3 Ne5 28. Nxe5 Qxe5 29. Qd3 Rd7 30. Qd5 Qxd5 31. Rxd5 Be7 1-0

[Event "Belgium vs. Germany SK Eupen jubilee match"]
[Site "Eupen"]
[Date "1987.11.15"]
[Round "2"]
[White "Van Herck, Marcel"]
[Black "Stein, Bernd Bruno"]
[Result "1/2-1/2"]
[WhiteElo "2260"]
[BlackElo "2360"]
[BlackTitle "IM"]
[Board "5"]
[WhiteTeam "Belgium"]
[BlackTeam "West-Germany"]
[Source "SK Rochade Eupen Schachzeitung"]

1. d4 Nf6 2. c4 e6 3. Nc3 c5 4. d5 exd5 5. cxd5 d6 6. e4 g6 7. Bd3 Bg7 8. Nge2
O-O 9. O-O b6 10. h3 Ba6 11. Bg5 h6 12. Bh4 Bxd3 13. Qxd3 a6 14. f4 Nbd7 15. a4
Qc7 16. Qc4 Rfe8 17. Rae1 b5 18. axb5 Nb6 19. Qd3 c4 20. Qf3 axb5 21. e5 Nfd7
22. Bf2 dxe5 23. Nxb5 Qb8 24. Nec3 Na4 25. Bg3 e4 26. Rxe4 Rxe4 27. Qxe4 Nxc3
28. Nxc3 Qxb2 29. d6 Rd8 30. Nd5 Qd4+ 31. Qxd4 Bxd4+ 32. Bf2 Bxf2+ 33. Kxf2 Nc5
34. d7 Kf8 35. Nb6 c3 36. Ke3 Nxd7 37. Na4 c2 38. Rc1 Rc8 39. Kd3 Nf6 40. Nc3
1/2-1/2

[Event "Belgium vs. Germany SK Eupen jubilee match"]
[Site "Eupen"]
[Date "1987.11.15"]
[Round "2"]
[White "Thesing, Matthias"]
[Black "Luminet, Denis"]
[Result "1/2-1/2"]
[WhiteElo "2355"]
[WhiteTitle "FM"]
[BlackElo "2255"]
[Board "6"]
[WhiteTeam "West-Germany"]
[BlackTeam "Belgium"]
[Source "SK Rochade Eupen Schachzeitung"]

1. e4 Nc6 2. Nf3 e5 3. Bb5 a6 4. Ba4 d6 5. Bxc6+ bxc6 6. d4 exd4 7. Nxd4 c5
8. Nc6 Qd7 9. Na5 Qa4 10. Qd5 Rb8 11. Qc6+ Qxc6 12. Nxc6 Rb6 13. Na5 Nf6 14. Nc3
Be6 15. b3 Be7 16. Bb2 c4 17. O-O O-O 18. Rfd1 cxb3 19. axb3 Re8 20. Kf1 h6
21. Ra2 c5 22. Nd5 Nxd5 23. exd5 Bf5 24. Bc1 Bd7 25. Be3 Bb5+ 26. Kg1 Bg5
27. Bxg5 hxg5 28. c4 Bd7 29. Kf1 Kf8 30. Re1 Rxe1+ 31. Kxe1 g4 32. Re2 f6
33. Kd2 Kf7 34. Kc3 Rb8 35. Rb2 Rb4 36. Ra2 Rb6 37. Ra1 Ke7 38. Re1+ Kf7 39. Re2
Rb8 40. Rb2 Rb4 1/2-1/2

[Event "Belgium vs. Germany SK Eupen jubilee match"]
[Site "Eupen"]
[Date "1987.11.15"]
[Round "2"]
[White "Tonoli, Walter"]
[Black "Backwinkel, Paul"]
[Result "1/2-1/2"]
[WhiteElo "2365"]
[BlackElo "2310"]
[BlackTitle "FM"]
[Board "7"]
[WhiteTeam "Belgium"]
[BlackTeam "West-Germany"]
[Source "SK Rochade Eupen Schachzeitung"]

1. e4 c5 2. Nf3 e6 3. d3 Nc6 4. g3 d5 5. Nbd2 Nf6 6. Bg2 b6 7. O-O Bb7 8. Re1
Be7 9. c3 Qc7 10. Qe2 h6 11. h4 O-O-O 12. Nf1 Rdg8 13. Rb1 dxe4 14. dxe4 Nd7
15. Ne3 Nce5 16. Nxe5 1/2-1/2

[Event "Belgium vs. Germany SK Eupen jubilee match"]
[Site "Eupen"]
[Date "1987.11.15"]
[Round "2"]
[White "Lutz, Christopher"]
[Black "Schumacher, Helmut"]
[Result "1-0"]
[WhiteElo "2295"]
[WhiteTitle "FM"]
[BlackElo "2245"]
[Board "10"]
[WhiteTeam "West-Germany"]
[BlackTeam "Belgium"]
[Source "SK Rochade Eupen Schachzeitung"]

1. d4 d5 2. c4 e6 3. Nf3 c6 4. Nc3 Nf6 5. Bg5 dxc4 6. e4 b5 7. a4 Qb6 8. Bxf6
gxf6 9. Be2 Bb7 10. O-O a6 11. d5 cxd5 12. exd5 e5 13. axb5 axb5 14. Rxa8 Bxa8
15. b3 Bb4 16. Na2 Qa5 17. Qa1 Bxd5 18. bxc4 Bxf3 19. Bxf3 bxc4 20. Nxb4 Qxb4
21. Rb1 Qd6 22. Qa4+ Ke7 23. Qa7+ Nd7 24. Rd1 Qe6 25. Qa3+ Ke8 26. Qa8+ Ke7
27. Qxh8 Nf8 28. Qg7 1-0